Central Library OPAC University of Rajshahi

Dose-Moryality Studies on Extractions of Neem Plant (Azadirachta Indica) on the Red Flour Beetle Tribolium Castaneum (Herbst) / (Record no. 83787)

MARC details
000 -LEADER
fixed length control field 00972nam a2200241 a 4500
001 - CONTROL NUMBER
RUCL Control Number 83787
003 - CONTROL NUMBER IDENTIFIER
rucl marc code BD-RjUL
005 - DATE AND TIME OF LATEST TRANSACTION
control field 20240521102455.0
008 - FIXED-LENGTH DATA ELEMENTS--GENERAL INFORMATION
fixed length control field 240521s1996 bg a|||| m||| 00| 0 eng d
035 ## - SYSTEM CONTROL NUMBER
system control number (BD-RjUL)83787
040 ## - CATALOGING SOURCE
Original cataloging agency BD-RjUL
Language of cataloging eng
Transcribing agency BD-RjUL
Modifying agency BD-RjUL
041 ## - LANGUAGE CODE
Language code of Book eng
082 ## - DEWEY DECIMAL CLASSIFICATION NUMBER
DDC Edition number 23
Classification number 595.76
Author mark and Year KHD 1996
100 ## - MAIN ENTRY--PERSONAL NAME
Personal name Khanom, Mst. Makhsuda
9 (RLIN) 13091
245 10 - TITLE STATEMENT
Title Dose-Moryality Studies on Extractions of Neem Plant (Azadirachta Indica) on the Red Flour Beetle Tribolium Castaneum (Herbst) /
Statement of responsibility, etc By Mst. Makhsuda Khanom ;
Name of Supervisor/Co-Supervisor Sopervisor : M. Khalequzzaman
260 ## - PUBLICATION, DISTRIBUTION, ETC. (IMPRINT)
Place of publication, distribution, etc Rajshahi :
Name of publisher, distributor, etc Institute of Biological Sciences, University of Rajshahi,
Date of publication, distribution, etc 1996
300 ## - PHYSICAL DESCRIPTION
Pagination iii, 287 Leaves :
Other physical details ill, ;
Dimensions 29 cm.
502 ## - DISSERTATION NOTE
Dissertation note Thesis (Ph. D.) -- Institute of Biological Sciences, University of Rajshahi, 1996
504 ## - BIBLIOGRAPHY, ETC. NOTE
Bibliography, etc Literature Cited : Leaves 157-171
650 ## - SUBJECT ADDED ENTRY--TOPICAL TERM
Topical term or geographic name as entry element Arthropoda
Form subdivision Coleoptera
9 (RLIN) 13092
700 ## - ADDED ENTRY--SUPERVISOR/CO-SUPERVISOR NAME
Personal name Khalequzzaman, M., Sopervisor
9 (RLIN) 13093
942 ## - ADDED ENTRY ELEMENTS (KOHA)
Source of classification or shelving scheme Dewey Decimal Classification
Koha item type Theses
Holdings
Source of classification or shelving scheme Damaged status Not for loan Collection code Permanent Location Current Location Shelving location Date of accession Source of acquisition Total Checkouts Full call number Barcode Date last seen Copy number Thesis
Dewey Decimal Classification   Not For Loan Theses Central Library, University of Rajshahi Central Library, University of Rajshahi Documentation Section 24/03/1997 Controller of Exam. R. U.   THE 595.76 KHD 1996 D1869 21/05/2024 C-I Theses